Statystyki dla Quiz o województwie wielkopolskim

Kliknij tutaj aby rozwiązać quiz!

Ogólne statystyki

  • Ten quiz został rozwiązany 1 789 razy
  • Średni wynik to 8 z 22

Statystyki odpowiedzi

WskazówkaOdpowiedź% Poprawnych
Największe miastaPoznań
99%
Najdłuższa rzekaWarta
92%
6. największe miasto, pierwsza stolica PolskiGniezno
89%
Największe miastaKalisz
75%
Największe miastaKonin
73%
Duże miasto położone na północ od powyższej rzekiPiła
60%
Wielkopolskie graniczy z siedmioma województwami, z którym dzieli
najdłuższą granicę?
Kujawsko-pomorskim
59%
Kraina, której obszar obejmuje północną część województwa{Pojezierze} Wielkopolskie
45%
Miasto, w której mieści się jedna z najstarszych zachowanych
synagog w Polsce
Leszno
42%
Druga najdłuższa rzekaNoteć
38%
Prezydent stolicyJacek Jaśkowiak
35%
Lokalizacja słynnej kopalni soliKłodawa
30%
Rzeka przepływająca przez miasto #3Prosna
21%
Największe jezioroPowidzkie
13%
WojewodaAgata Sobczyk
11%
Duży kompleks leśny na północny wschód od stolicy województwaPuszcza Zielonka
11%
Zwierzę będące symbolem Wielkopolskiego Parku NarodowegoPuszczyk zwyczajny
11%
Najwyższy szczytKobyla Góra
9%
Najwyższe wzniesienie na terenie powyższego obszaruDziewicza Góra
8%
Najgłębsze jezioroPopielewskie
6%
Najdłuższy i najsłynniejszy szlak rowerowy na terenie województwaSzlak Stu Jezior
6%
Wieś, w której mieści się jedna z nielicznych w Polsce hodowli wilkówStobnica
5%

Rozkład punktacji

Percentyl według liczby udzielonych odpowiedzi

Procent ludzi z każdym wynikiem

Twoja historia wyników

Nie rozwiązałeś tego quizu